Renegociación de la deuda externa / (Registro nro. 29949)
[ vista simple ]
| 000 -CABECERA | |
|---|---|
| campo de control de longitud fija | 00770nam a2200217 a 4500 |
| 001 - NÚMERO DE CONTROL | |
| campo de control | 000030457 |
| 003 - IDENTIFICADOR DEL NÚMERO DE CONTROL | |
| campo de control | DO-SdBNP |
| 005 - FECHA Y HORA DE LA ÚLTIMA TRANSACCIÓN | |
| campo de control | 20240226144733.0 |
| 007 - CAMPO FIJO DE DESCRIPCIÓN FÍSICA--INFORMACIÓN GENERAL | |
| campo de control de longitud fija | ta |
| 008 - DATOS DE LONGITUD FIJA--INFORMACIÓN GENERAL | |
| campo de control de longitud fija | 110517s1983 dr ac 000 0 spa d |
| 040 ## - FUENTE DE LA CATALOGACIÓN | |
| Centro catalogador/agencia de origen | DO-SdBNP |
| Lengua de catalogación | spa |
| Centro/agencia transcriptor | BNPHU |
| 082 ## - NÚMERO DE LA CLASIFICACIÓN DECIMAL DEWEY | |
| Número de clasificación | xxx |
| Número de documento/Ítem | B641d |
| Número de edición | 22 |
| 100 1# - ENTRADA PRINCIPAL--NOMBRE DE PERSONA | |
| Nombre de persona | Jorge Blanco, Salvador, |
| Fechas asociadas al nombre | 1926-2010 |
| 9 (RLIN) | 30551 |
| 245 10 - MENCIÓN DE TÍTULO | |
| Título | Renegociación de la deuda externa / |
| Mención de responsabilidad, etc. | Salvador Jorge Blanco. |
| 260 ## - PUBLICACIÓN, DISTRIBUCIÓN, ETC. | |
| Lugar de publicación, distribución, etc. | [Santo Domingo] : |
| Nombre del editor, distribuidor, etc. | Editora Milvio, |
| Fecha de publicación, distribución, etc. | 1983. |
| 300 ## - DESCRIPCIÓN FÍSICA | |
| Extensión | 25 p. : |
| Otras características físicas | il., retrs. ; |
| Dimensiones | 21 cm. |
| 500 ## - NOTA GENERAL | |
| Nota general | "Discurso pronunciado por el ciudadano Presidente de la República Dominicana, Doctor Salvador Jorge Blanco, el día 12 de septiembre de 1983 en el Palacio Nacional" |
| 590 ## - NOTA LOCAL (RLIN) | |
| Nota local | Inventariado, 2023 / DG |
| 910 ## - DATOS DE OPCIÓN DEL USUARIO (OCLC) | |
| Datos de opción del usuario | DG |
| 942 ## - ELEMENTOS DE PUNTO DE ACCESO ADICIONAL (KOHA) | |
| Fuente del sistema de clasificación o colocación | Dewey Decimal Classification |
| Tipo de ítem Koha | Libro |
| Estado de retiro | Estado de pérdida | No para préstamo | Código de colección | Localización permanente | Ubicación/localización actual | Ubicación en estantería | Fecha de adquisición | Número de inventario | Total de préstamos | Signatura topográfica completa | Código de barras | Fecha visto por última vez | Precio válido a partir de | Tipo de ítem Koha | Fuente del sistema de clasificación o colocación | Restricciones de uso | Número de copia |
|---|---|---|---|---|---|---|---|---|---|---|---|---|---|---|---|---|---|
| Patrimonio Dominicano | Biblioteca Nacional Pedro Henríquez Ureña | Biblioteca Nacional Pedro Henríquez Ureña | En catalogación | 01.03.2023 | xxx B641d | 2023-1120 | 01.03.2023 | 01.03.2023 | Libro | Dewey Decimal Classification | Excluido de préstamo | e.2 | |||||
| Excluido de préstamo | Patrimonio Dominicano | Patrimonio Dominicano | Patrimonio Dominicano | En catalogación | 17.05.2011 | LF1 | xxx B641d | 30457-10 | 25.06.2020 | 25.06.2020 | Libro y Folleto Colección Patrimonio Dominicano |
